| 000 | 00943nam a2200217Ia 4500 | ||
|---|---|---|---|
| 999 |
_c39033 _d39033 |
||
| 001 | 5550 | ||
| 003 | GE_BSU | ||
| 005 | 20190517154641.0 | ||
| 008 | 181216s1985||||ge |||||||||||||| ||geo|| | ||
| 040 | _cGE_BSU | ||
| 041 | _ageo | ||
| 080 | _a662.998(075.8) ბ-83 | ||
| 100 |
_aბოლქვაძე, ლ. _9805 |
||
| 245 |
_aთბოსაიზოლაციო მასალების ტექნოლოგია : _bსახელმძღვ. / _cლ. ბოლქვაძე ; რედ. მ.ღუდუშაური. |
||
| 264 |
_aთბილისი : _bგანათლება, _c1985. |
||
| 300 |
_a294 გვ. : _b ილ. ; _c27 სმ |
||
| 504 | _aბიბლიოგრ. : გვ.290. | ||
| 653 | _aთბოსაიზოლაციო მასალების ტექნოლოგია | ||
| 700 |
_aღუდუშაური, მ. _eრედაქტორი _91085 |
||
| 942 |
_cBK _2udc |
||